Suosituimmat poikien etunimet 2022 - Statistics

Yleistilastot
  • Tätä visaa on pelattu 330 kertaa
  • Keskiarvotulos 28 / 50
Vastaustilastot
Määrä Nimi % Oikein
376 Leo
79%
316 Elias
78%
313 Onni
74%
349 Eino
73%
112 Eemi
72%
225 Eeli
71%
120 Eetu
70%
342 Oliver
68%
210 Leevi
67%
105 Matias
67%
154 Mikael
65%
139 Daniel
64%
172 Eemil
64%
364 Väinö
64%
149 Niilo
63%
144 Luka
62%
99 Samuel
62%
114 Eelis
61%
185 Joel
61%
132 Kasper
61%
118 Aapo
60%
153 Viljami
58%
148 Lenni
57%
199 Noel
57%
216 Toivo
57%
99 Luukas
56%
156 Nooa
56%
101 Rasmus
56%
184 Vilho
56%
137 Benjamin
55%
239 Emil
55%
128 Aaron
54%
126 Viljo
54%
135 Anton
50%
186 Hugo
48%
120 Julius
47%
121 Jooa
46%
113 Lukas
46%
119 Olavi
46%
169 Oiva
45%
181 Alvar
44%
97 Iivo
44%
115 Milo
44%
104 Urho
42%
184 Aatos
41%
111 Leon
41%
101 Max
40%
153 Aarni
35%
159 Otso
33%
129 Edvin
30%
Ehtoja vastaavia visoja ei löytynyt
Tulosjakauma
Jokaisen tuloksen saaneiden osuus
Persentiili vastausten määrän mukaan
Tuloshistoriasi
Et ole pelannut tätä visaa